000 00218 a2200097 4500
001 42606
100 _aCravan
245 _aThe Army Air Forces in War II
260 _aChicago
_bChicago press
_c
090 _c26507
_d26507
942 _aNUST-CAE
_cM
_c18344
999 _c277679
_d277679